| 000 | 00565nam a2200205Ia 4500 | ||
|---|---|---|---|
| 003 | BUBTL | ||
| 008 | 151213s9999 xx 000 0 und d | ||
| 082 | _a657/ R1836b/ 2002 | ||
| 100 | _aRashid, Afzalur | ||
| 245 |
_aBasic accounting : _cAfzalur Rashid & Aminul Islam |
||
| 250 | _a1st ed | ||
| 260 |
_aDhaka _bVenus _cc2002 |
||
| 300 |
_a[xii], 634p . : _bill, 25cm . |
||
| 650 | _aAccounting | ||
| 650 |
_a _94467 |
||
| 700 |
_aAfzalur Rashid & Aminul Islam _94468 |
||
| 856 |
_k0 _l0 _yDownload |
||
| 942 |
_2ddc _cBK |
||
| 999 |
_c1096 _d1096 |
||